000
00330nam a2200145Ia 4500
003
OSt
008
191201s2007 xx 000 0 und d
082
_a
299.93
_b
ROS
100
_a
RONHUBBARD, L
245
0
_a
Scientology 8-8008
260
_a
New Delhi
_b
Hubbard Pub
_c
2007
300
_a
415
650
_a
General Books
942
_2
ddc
_c
BK
999
_c
10
_d
10